000 00455nam a2200157Ia 4500
005 20260601193301.0
008 260601s9999||||xx |||||||||||||| ||und||
020 _a978-3-031-69063-1
_qebk
100 _aRemo Pareschi
245 0 _aCentaur Art
250 _a2024
260 _aHeidelberg, Germany
_bSpringer Nature
_c2024
650 _aComputer Science
856 _uhttps://link.springer.com/openurl?genre=book&isbn=978-3-031-69063-1
942 _cEB
_2ddc
999 _c57016
_d57016